000 00613nam a2200217 a 4500
008
020 _a0907679471 (pbk)
049 _aMAIN
090 _aQA76.73.P2
100 1 _aMorton, James K.
245 1 3 _aAn introduction to PASCAL /
_cJames K. Morton.
260 _aSunderland :
_bBusiness Education Publishers,
_c1993.
300 _avi, 153 p. ;
_c26 cm.
500 _aIncludes index.
653 0 _aProgramming languages
907 _a.b10106868
_b22-02-16
_c19-01-04
003
005 20230123133604.0
040 _cNUST
942 _cBOOKS
_kQA76.73.P2
999 _c151198
_d151198